00615nam a22002057a 450000500170000001000270001702000270004403500170007103500130008803700250010108200060012610000210013224500770015326000370023027000530026730000270032049000280034750000130037570000210038820190807122937.0 a1819CHEN B-717411-431 a9789381607510c199.00  aB-717411-431 aB-728520 bPragati Publications aS aDickens, Charles aA tale of two cities / cby Charles Dickens; adapted by Subhojit Sanyal  aNew Delhi bOm Kidzc2018(repr.) a107, Ansari Road, Darya GanjbNew Delhi e110002 a240p.:bill.c20cm(Hb) aOm illustrated classics aAirport  aSanyal,Subhojit